000 01068nam a2200217 a 4500
008 120416s1987 ||||||||||||||||| || u
020 _a0174480326
050 _aQH 308.2 Har
100 _aHarper, G. H
245 1 0 _aBiology: advanced topics
260 _aLondon
_bNelson
_c1987
300 _a[iv], 172p. : ill
350 _a0.00
650 0 _aBIOLOGY
650 _aBIOLOGY--STUDY AND TEACHING
700 _aRoberts, M. B. V
995 _aMAIN LIBRARY OPEN ACCESS
_D0.00
_e727566
_FCBU-MAIN LIBRARY (Kitwe)
_H4
_I13.00
_jQH 308.2 Har
_M1
_ULOST
_y025381
_ZMain Library Open Access Collection
995 _aMAIN LIBRARY OPEN ACCESS
_D0.00
_e727563
_FCBU-MAIN LIBRARY (Kitwe)
_H1
_I13.00
_jQH 308.2 Har
_M4
_ULOST
_y025388
_ZMain Library Open Access Collection
995 _aMAIN LIBRARY OPEN ACCESS
_D0.00
_e727564
_FCBU-MAIN LIBRARY (Kitwe)
_H3
_I13.00
_jQH 308.2 Har
_M3
_UAVAILABLE
_y025387
_ZMain Library Open Access Collection
995 _aMAIN LIBRARY OPEN ACCESS
_D0.00
_e727565
_FCBU-MAIN LIBRARY (Kitwe)
_H2
_I13.00
_jQH 308.2 Har
_M2
_ULOST
_y025386
_ZMain Library Open Access Collection
999 _c81128
_d81128